000 00789nam a2200265 a 4500
001 750
003 BR-CuiBMT
005 20231129141121.0
008 231116s2021 mgb 000 0 por d
020 _a9786555181852
040 _aBR-CuiBMT
_cBR-CuiBMT
080 _a343.1
_22007
090 _a343.1
_bR642p
_c2. ed.
100 1 0 _aRoberto, Welton
245 1 0 _aParidade de armas no processo penal /
_cWelton Roberto ; prefácio René Ariel Dotti.
250 _a2. ed., rev., ampl. e atual.
260 _aBelo Horizonte :
_bFórum,
_c2021
300 _a187 p. ;
_c22cm
504 _ainclui bibliografia.
650 _aProcesso penal
_zBrasil
650 _aTeoria geral do processo
_zBrasil
650 _aDevido processo legal
650 _aContraditório (direito)
942 _2udc
_cLV
999 _c750
_d750